000 00974nac a22002897a 4500
001 BR9603947
003 BR-BrBNA
005 20240105121759.0
008 230509b bl.|||m| |||| 00| 0 por d
040 _aBR-BrBNA
_bpor
_cBiblioteca Nacional de Agricultura
072 _aF06; N20
090 _aF06 BR9603947
100 1 _aRamos, M.M.
100 1 _aMergulhao, M.C.R.
100 1 _aMartinez, M.A.
100 1 _aDeniculi, W.
110 1 _aAssociacao dos Engenheiros Agricolas de Minas Gerais, Vicosa (Brasil)
_9584
245 1 _aDistribuicao de gotas por tamanho em dois modelos de aspersores tipo canhao hidraulico, na ausencia de vento
260 3 _aVicosa, MG (Brasil):
_c1993.
300 _a16 p.
490 _aEngenharia na Agricultura. Serie Irrigacao e Drenagem (Brazil)
_vv. 2(18)
_x
500 _aSummaries (En, Pt); 13 ref.
650 _aIrrigacao
650 _aAspersor
909 _a202312
_bLúcia Elande
_c55
_dLúcia Elande
942 _2AGRIS
_n0
_cMS
999 _c287408
_d287408